00408 2200169 4500245004600000020002200046250001100068100001700079700001800096650001100114005001900125260003800144041001400182084000800196300002500204336000900229 aMengenal Dunia BurungcDian HartatihText a978-602-8823-02-9 aCet. 2 aDian Hartati aTaufik Hendra aBurung a20230307133416 aDepokbBinamuda Ciptakreasic2013 aIndonesia a598 aiv, 88 hlm. :cilus. atext